000 01190cam a2200301 i 4500
001 16159
003 DO-SdUEMH
005 20260116165547.0
007 ta
008 211105s2006 dr a|||gr|||| 000 0 spa|d
040 _aDO-SdUEMH
_bspa
_erda
041 _aspa
082 1 4 _mRD
_aRD307.76729353 R426I 1999
_bR426c
084 _b08-01030
100 _aCorral, Julio C.
_eaut
245 1 0 _aLineamientos de políticas de desarrollo urbano para la ciudad de Cotuí /
_cJulio C. Corral, Daritza Nicodemo, Letty Alt. Pérez M. ; prólogo: Joaquín Gerónimo
246 _aCotuí :
_bLineamientos de políticas de desarrollo urbano
260 _c1999
264 0 1 _aSantiago de los Caballeros :
_bCEUR / PUCMM,
_c1999
300 _a237 páginas :
_bilustraciones ;
_c27 cm.
336 _2rdacontent
_atexto
_btxt
337 _2rdamedia
_asin mediación
_bn
338 _2rdacarrier
_avolumen
_bnc
504 _aBibliografías en paginas 228-229-230-231-232
505 2 _aLa ciudad de Cotuí en el contexto subregional -- Caracterización de la ciudad de Cotuí -- Perfil, escenarios, propuestas y lineamientos de políticas -- Bibliografía -- Anexos.
942 _2ddc
_cBK
_n0
999 _c16159
_d16159